000 00940nam a2200229 a 4500
001 BRCA_8869
005 20190320210437.0
008 140617s1750----sp-#######---#000-0#spa-#
041 _aspa
044 _asp
084 _aBE251
_b.C38 1750
100 1 _aCausino, Nicolas
_d1583 - 1651
_922010
245 1 0 _aLa corte santa
_cescrita en francés por el Rmo. P. Nicolas Causino; traducida en castellano por Don Francisco Antonio Cruzado, y Aragón; tomo quinto; que contiene el imperio de la razón sobre las passiones.
260 _aMadrid
_bEn la Imprenta de Antonio Perez de Soto
_c1750
300 _a[6], 398 p. (t.5)
_c14.7 x 10.4 cm.
500 _aCon las Aprobaciones, y Licencias necessarias
500 _aEstado físico: presenta encuadernación en pergamino y con cintas rotas
650 1 4 _aVida cristiana
_yObras anteriores a 1800
_921266
700 1 _aCruzado, Francisco Antonio
_etr.
_922088
902 _aCFM
942 _2lcc
_cB
999 _c8520
_d8520